00655nam a22002052i 450000100060000000300080000600500170001400800410003103500190007204000370009104100080012808200200013610000330015624500900018926000490027930000250032850400500035360000300040383000160043318594BD-RjUL20240211115320.0140220s1962 nyu 000 0 eng d a(BD-RjUL)18594 aIRUcIRUdOCLdEQOdBD-RjULbeng aeng a823.9bADS 19621 aAdams, Robert Martin,d1915-10aSurface and symbol :bthe consistency of James Joyce's Ulysses /cRobert Martin Adams aNew York :bOxford University Press,cc1962. axix, 290 p. ;c20 cm aIncludes bibliographical references and index10aJoyce, James,d1882-1941. 0aGalaxy book